00481cam a22002051 4500001001300000003000400013005001700017008004100034010001700075035002000092040001800112042001200130050001800142100002900160245001900189260001100208300002200219500001700241999001700258sa 65008023 DLC20260227112153.0900122s1965 ii 000 0 guj  asa 65008023  a(OCoLC)20940470 aDLCcWaUdDLC apremarc00aPK1859.V9bS91 aVyāsa, Ramaṇalāla.10aSvaralaharī. c[1965] a8, 112 p.c19 cm. aIn Gujarati. c65494d65494